| 000 | 00680nam a2200229Ia 4500 | ||
|---|---|---|---|
| 001 | 3362 | ||
| 003 | GE_BSU | ||
| 008 | 181216s||||||||xx |||||||||||||| ||und|| | ||
| 040 | _cGE_BSU | ||
| 080 | _a621.867(075.8) | ||
| 100 | _aСпиваковский,А.О. Дьячков,В.К. | ||
| 245 | _aТранспортирующие машины. | ||
| 245 | _cРед. С.И.Булатова. | ||
| 250 | _aИзд 2-ое, перераб.и доп. | ||
| 260 | _aМ. | ||
| 260 | _bМашиностроение. | ||
| 260 | _c1968. | ||
| 300 | _a504 стр. с илл. 26 см. | ||
| 300 | _eтабл. | ||
| 653 | _aТранспортирующие машины. | ||
| 942 | _cBK | ||
| 999 |
_c37403 _d37403 |
||